[Event "Alushta Summer 3rd"]
[Site "Alushta"]
[Date "2005.06.23"]
[Round "7"]
[White "Annaberdiev, Baba"]
[Black "Belikov, Vladimir"]
[Result "0-1"]
[WhiteElo "2285"]
[BlackElo "2517"]
[PlyCount "98"]
[EventDate "2005.06.17"]
[EventType "tourn"]
[EventRounds "11"]
[EventCountry "UKR"]
[EventCategory "7"]
[SourceTitle "CBM 106 Extra"]
[Source "ChessBase"]
[SourceDate "2005.07.01"]
[SourceVersion "1"]
[SourceVersionDate "2005.07.01"]
[SourceQuality "1"]

1. d4 Nf6 2. Nf3 e6 3. Bg5 h6 4. Bxf6 Qxf6 5. e4 d6 6. e5 Qd8 7. Bd3 d5 8. 0-0 c5 9. c3 Qb6 10. b3 Nc6 11. Qd2 Bd7 12. dxc5 Bxc5 13. b4 Be7 14. a3 g5 15. Qe2 g4 16. Nfd2 Rg8 17. Kh1 f6 18. f4 fxe5 19. fxe5 Qc7 20. Re1 Rg5 21. Nb3 Rxe5 22. Bg6+ Kd8 23. Qf1 Rxe1 24. Qxe1 Qe5 25. N1d2 Bd6 26. Qh4+ Qg5 27. Qxg5+ hxg5 28. Rf1 Ne5 29. Bb1 Rc8 30. Rc1 Ke7 31. Nd4 Nc6 32. Nxc6+ Rxc6 33. Nb3 e5 34. Kg1 Be6 35. Bd3 Bc7 36. g3 Bb6+ 37. Kf1 Rc8 38. Na5 e4 39. Bb1 Bxa5 40. bxa5 Rc5 41. c4 Kd6 42. Ke2 Ke5 43. cxd5 Rxc1 44. dxe6 Kd4 45. Kd2 Rc5 46. Ba2 e3+ 47. Kd1 Rxa5 48. Bb3 Re5 49. Ke2 b5 0-1

[Event "Alushta Summer 3rd"]
[Site "Alushta"]
[Date "2005.06.20"]
[Round "4"]
[White "Kuzmin, Gennadi P"]
[Black "Annaberdiev, Baba"]
[Result "1-0"]
[WhiteElo "2510"]
[BlackElo "2285"]
[PlyCount "121"]
[EventDate "2005.06.17"]
[EventType "tourn"]
[EventRounds "11"]
[EventCountry "UKR"]
[EventCategory "7"]
[SourceTitle "CBM 106 Extra"]
[Source "ChessBase"]
[SourceDate "2005.07.01"]
[SourceVersion "1"]
[SourceVersionDate "2005.07.01"]
[SourceQuality "1"]

1. d4 Nf6 2. c4 g6 3. Nc3 Bg7 4. e4 d6 5. Be2 0-0 6. Nf3 e5 7. d5 a5 8. 0-0 Na6 9. Ne1 Nc5 10. Bf3 Ne8 11. Nd3 b6 12. Nxc5 bxc5 13. a4 f5 14. Ra3 Nf6 15. Bd2 fxe4 16. Nxe4 Nxe4 17. Bxe4 Qh4 18. f3 Bh6 19. Qe1 Qxe1 20. Bxe1 Bd7 21. Kf2 Kf7 22. Ke2 Rfb8 23. Bc3 Ke7 24. Kd3 Rf8 25. Rfa1 Kd8 26. Kc2 Kc8 27. Rh1 Bf5 28. Bxf5+ gxf5 29. Rb3 e4 30. Rb5 Rg8 31. g3 Kd7 32. Rf1 exf3 33. Rxf3 Rgf8 34. Rxa5 Rae8 35. Kd3 f4 36. gxf4 Bxf4 37. Rb5 h6 38. h3 Bg5 39. Rxf8 Rxf8 40. a5 Ra8 41. Rb3 Bc1 42. Ra3 Ra6 43. Ke4 Kc8 44. h4 h5 45. Ra1 Bh6 46. Rf1 Kb7 47. Rf5 Ra8 48. Rxh5 Re8+ 49. Kd3 Bf4 50. Rf5 Re3+ 51. Kc2 Re2+ 52. Kb3 Bd2 53. Bxd2 Rxd2 54. Rf7 Rd3+ 55. Ka4 Rd2 56. b3 Ka6 57. Ka3 Rh2 58. Rxc7 Rxh4 59. Rc6+ Kxa5 60. Rxd6 Rh2 61. Rc6 1-0

[Event "Alushta Summer"]
[Site "Alushta"]
[Date "2005.06.04"]
[Round "11"]
[White "Annaberdiev, Baba"]
[Black "Semiev, Suhrab"]
[Result "1/2-1/2"]
[WhiteElo "2285"]
[BlackElo "2287"]
[PlyCount "27"]
[EventDate "2005.05.25"]
[EventType "tourn"]
[EventRounds "11"]
[EventCountry "UKR"]
[EventCategory "6"]
[SourceTitle "CBM 106 Extra"]
[Source "ChessBase"]
[SourceDate "2005.07.01"]
[SourceVersion "1"]
[SourceVersionDate "2005.07.01"]
[SourceQuality "1"]

1. d4 f5 2. c4 Nf6 3. Nc3 g6 4. Bg5 Bg7 5. g3 0-0 6. Bg2 Qe8 7. Nf3 d6 8. 0-0 e5 9. dxe5 dxe5 10. Bxf6 Bxf6 11. e4 c6 12. exf5 gxf5 13. Qd2 Be6 14. Rfe1 1/2-1/2

[Event "Alushta Summer"]
[Site "Alushta"]
[Date "2005.06.03"]
[Round "10"]
[White "Belikov, Vladimir"]
[Black "Annaberdiev, Baba"]
[Result "1-0"]
[WhiteElo "2517"]
[BlackElo "2285"]
[PlyCount "41"]
[EventDate "2005.05.25"]
[EventType "tourn"]
[EventRounds "11"]
[EventCountry "UKR"]
[EventCategory "6"]
[SourceTitle "CBM 106 Extra"]
[Source "ChessBase"]
[SourceDate "2005.07.01"]
[SourceVersion "1"]
[SourceVersionDate "2005.07.01"]
[SourceQuality "1"]

1. e4 c6 2. d4 d5 3. Nd2 dxe4 4. Nxe4 e5 5. dxe5 Qa5+ 6. Qd2 Qxe5 7. Qf4 Qxf4 8. Bxf4 Bf5 9. Bd3 Bxe4 10. Bxe4 Nf6 11. Bf5 Be7 12. Bc8 0-0 13. Bxb7 Nbd7 14. Bxa8 Rxa8 15. 0-0-0 Nd5 16. Ne2 Nc5 17. Bg3 h5 18. h4 Bf6 19. Nf4 Rc8 20. Rhe1 Na4 21. c3 1-0

[Event "Asia-ch U20"]
[Site "Rasht"]
[Date "1998.??.??"]
[Round "6"]
[White "Annaberdiev, Baba"]
[Black "Ghaem Maghami, Ehsan"]
[Result "1/2-1/2"]
[WhiteElo "2165"]
[BlackElo "2280"]
[PlyCount "163"]
[EventDate "1998.??.??"]
[EventType "swiss"]
[EventRounds "11"]
[EventCountry "IRI"]
[SourceTitle "EXT 2004"]
[Source "ChessBase"]
[SourceDate "2003.11.25"]
[SourceVersion "1"]
[SourceVersionDate "2003.11.25"]
[SourceQuality "1"]

1. d4 Nf6 2. Nf3 c5 3. e3 d5 4. Be2 Nc6 5. 0-0 e6 6. c3 b6 7. Nbd2 Bb7 8. Bd3 Qc7 9. Re1 Be7 10. Qe2 0-0 11. e4 dxe4 12. Nxe4 cxd4 13. Nfg5 g6 14. Qf3 Nxe4 15. Bxe4 h6 16. Nh3 dxc3 17. bxc3 f5 18. Bxc6 Bxc6 19. Qe3 Bf6 20. Qxe6+ Kh7 21. Qc4 Qb7 22. Qf4 Bg7 23. Qh4 Rfe8 24. Be3 Re4 25. Ng5+ Kg8 26. Nxe4 Bxe4 27. f3 g5 28. Qf2 Bxc3 29. fxe4 Bxa1 30. Rxa1 Qxe4 31. Qf3 Re8 32. Qxe4 Rxe4 33. Kf2 Ra4 34. a3 Kf7 35. Bc1 Rc4 36. Ke2 Ke6 37. Rb1 Re4+ 38. Kf2 Rc4 39. Bd2 Rd4 40. Be3 Rd3 41. Re1 Kd6 42. Bc1 Rc3 43. Bb2 Rb3 44. Re2 Kd7 45. Ke1 f4 46. Kd1 f3 47. gxf3 Rxf3 48. Bc1 Rh3 49. Kc2 Kd6 50. Kb2 Kd5 51. Bd2 Kc4 52. Be1 Rb3+ 53. Ka2 Rf3 54. Bg3 h5 55. Bb8 Rf7 56. Rg2 g4 57. Bg3 Rh7 58. Bh4 Rf7 59. Re2 Rf5 60. Rc2+ Kd3 61. Rc7 a5 62. Kb3 Rb5+ 63. Ka2 a4 64. Bg3 Rd5 65. Kb2 Kd2 66. Rc2+ Ke3 67. Rc6 Rd2+ 68. Rc2 Kd3 69. Rxd2+ Kxd2 70. Bh4 Kd3 71. Bg3 Kd2 72. Bh4 Kd3 73. Kc1 Kc3 74. Be7 Kb3 75. Kd2 h4 76. Ke2 g3 77. h3 Kb2 78. Kf3 Kb3 79. Ke2 Kb2 80. Bxh4 Kxa3 81. Bf6 b5 82. h4 1/2-1/2